00641nam a2200241Ia 4500008004100000020001600041100001600057245002300073245004600096260001500142260002000157260000900177300001600186300002700202300001500229500006800244650001400312650001700326650002200343650001300365650001300378700000800391160803s9999 xx 000 0 und d a0 590009478 aShaw, Nancy aSheep in a shop /  cNancy Shaw ; illustrated by Margot Apple. aNew York : bScholastic Inc. c1991 a32 pages :  bcolor illustrations ;  c21 x 22 cm aOriginally published : Boston : Houghton Mifflin Company, 1991. aSheep --  aShopping --  aStories in rhyme. xFiction. xFiction. a150